Библиография Победы

“Убежден: опыт солидарности, партнерства в годы борьбы с общей угрозой — это наше бесценное наследие, прочная опора именно сейчас, когда набирает силу необратимое движение к более справедливому многополярному миру, основанному на принципах доверия и неделимой безопасности, равных возможностей для самобытного и свободного развития всех стран и народов.”

В.В. Путин

Постановление Второго пленума Воронежского областного комитета Профсоюза рабочих и служащих машино-тракторных станций и земорганов по докладу начальника Воронежского областного земельного отдела тов. Зайцева Об итогах весен. сева, готовности МТС к уборке урожая и докладу пред. Воронеж. обкома Союза тов. обокма Союза тов. Ливенуева о выполнении решения ЦК Союза от 17. III-45 г. "О развитии всес. соц. соревнования среди работников МТС и земорганов за успешное выполнение плана с-х. работ 1945 г." От 9-10-го июля 1945 г. (Запись № 4041)

Подробности
000 -МАРКЕР
контрольное поле 01933nam0a22002891 4500
001 - ИДЕНТИФИКАТОР ЗАПИСИ
контрольное поле rc\3008273
005 - ИДЕНТИФИКАТОР ВЕРСИИ
контрольное поле 20250806200932.0
035 ## - ДРУГИЕ СИСТЕМНЫЕ НОМЕРА
Идентификатор записи (NLR Aleph) 007150962
100 ## - ДАННЫЕ ОБЩЕЙ ОБРАБОТКИ
Данные общей обработки 20110922d1945 u y0rusy50 ca
101 0# - ЯЗЫК РЕСУРСА
Язык текста, звукозаписи и т.д. русский
102 ## - СТРАНА ПУБЛИКАЦИИ ИЛИ ПРОИЗВОДСТВА
Страна публикации российская федерация
105 ## - ПОЛЕ КОДИРОВАННЫХ ДАННЫХ: ТЕКСТОВЫЕ МАТЕРИАЛЫ, МОНОГРАФИЧЕСКИЕ
Кодированные данные о монографическом текстовом документе y z |||||
200 1# - ЗАГЛАВИЕ И СВЕДЕНИЯ ОБ ОТВЕТСТВЕННОСТИ
Основное заглавие Постановление Второго пленума Воронежского областного комитета Профсоюза рабочих и служащих машино-тракторных станций и земорганов по докладу начальника Воронежского областного земельного отдела тов. Зайцева Об итогах весен. сева, готовности МТС к уборке урожая и докладу пред. Воронеж. обкома Союза тов. обокма Союза тов. Ливенуева о выполнении решения ЦК Союза от 17. III-45 г. "О развитии всес. соц. соревнования среди работников МТС и земорганов за успешное выполнение плана с-х. работ 1945 г." От 9-10-го июля 1945 г.
210 ## - ПУБЛИКАЦИЯ, РАСПРОСТРАНЕНИЕ И ДР.
Место издания, распространения и т.д. [Воронеж]
Имя издателя, распространителя и т. д. Б. и.
Дата издания, распространения и т.д. [1945]
Имя изготовителя тип. изд-ва "Коммунар"
215 ## - ФИЗИЧЕСКАЯ ХАРАКТЕРИСТИКА
Специфическое обозначение материала и объем 7 с.
Размеры 20 см
300 ## - ОБЩИЕ ПРИМЕЧАНИЯ
Текст примечания Без обл. и тит. л.
702 #1 - ИМЯ ЛИЦА - ВТОРИЧНАЯ ОТВЕТСТВЕННОСТЬ
Начальный элемент ввода Зайцев
Код отношения Прочие
702 #1 - ИМЯ ЛИЦА - ВТОРИЧНАЯ ОТВЕТСТВЕННОСТЬ
Начальный элемент ввода Ливенцев
Код отношения Прочие
710 02 - НАИМЕНОВАНИЕ ОРГАНИЗАЦИИ - ПЕРВИЧНАЯ ОТВЕТСТВЕННОСТЬ
Начальный элемент ввода Союз рабочих и служащих машино-тракторных станций и земорганов Юга СССР
Структурное подразделение Воронежский областной комитет
-- Пленум
Дата проведения временной организации 1945. Июль
801 #0 - ИСТОЧНИК ЗАПИСИ
Страна российская федерация
Организация NLR
Правила каталогизации psbo
801 #1 - ИСТОЧНИК ЗАПИСИ
Страна российская федерация
Организация ELAR
Источник данных rusmarc
852 ## - МЕСТОНАХОЖДЕНИЕ И ШИФР ХРАНЕНИЯ
Идентификатор организации NLR
Шифр хранения (Call Number) Ир7 Г-4/59
942 ## - ДОПОЛНИТЕЛЬНЫЕ ЭЛЕМЕНТЫ ЗАПИСИ (АБИС)
Тип экземпляра АБИС Книга
945 ## - Информацию об издании предоставили:
Полное название организации, предоставившей материал Российская национальная библиотека
980 ## - КОЛЛЕКЦИЯ
Название коллекции Национальная библиография
980 ## - КОЛЛЕКЦИЯ
Название коллекции Библиография Победы

Нет доступных экземпляров.